01163 2200313 4500001002100000005001500021035002000036007000300056008004100059020002200100082001000122084001900132100001700151245012200168250001800290300003800308650002200346650000900368700002100377700002700398504002900425520024200454264004700696336002100743337003000764338002300794990001600817990001600833INLIS00000000116270520221122025659 a0010-1122000255ta221122 g 0 ind  a978-602-5790-88-1 a628.4 aSR 628.4 RAN o0 aRana Kinasih1 aOlah limbah jadi berkah :baneka kerajinan dari limbah kaca /cRana Kinasih; penyunting, Emir; tata letak isi, Zummar aCetakan: 2022 a136 halaman :bilustrasi ;c24 cm 4aSampah, Teknologi 4aKaca0 aEmirepenyunting0 aZummaretata letak isi aBibliografi: halaman 135 aBuku ini membahas kaca, mulai dari sejarahnya, manfaat dan penggunaannya dalam kehidupan sehari-hari, limbah kaca, hingga kerajinan yang bisa dibuat dari limbah kaca. Kaca bening bekas kemasan atau peralatan makan bisa didaur ulang 100%. aYogyakarta :bHijaz Pustaka Mandiri,c2022 2rdacontentateks 2rdamediaatanpa perantara 2rdacarrieravolume a50425.63245 a50426.63246